[Event "29th Czech Open-Rapid 2018"]
[Site "Pardubice"]
[Date "2018.07.18"]
[Round "2"]
[White "Dolezal, Radoslav"]
[Black "Paravyan, David"]
[Result "0-1"]
[WhiteElo "2368"]
[BlackElo "2638"]
[Annotator "TA"]
[PlyCount "72"]
[EventDate "2018.07.18"]
[EventType "swiss"]
[EventCountry "CZE"]
[SourceTitle "playchess.com"]
[Source "ChessBase"]
[SourceQuality "1"]

{[%evp 21,72,2,0,-2,47,47,51,36,52,48,63,9,8,5,27,9,45,43,71,61,92,12,34,31,26,11,11,16,14,13,66,63,63,59,68,70,173,155,147,156,148,-306,-293,-283,-301,-284,-287,-710,-710,-706,-702,-687,-685]} 1. e4 c5 2. Nf3 d6 3. c3 Nf6 4. Bd3 g6 5. Bc2 Bg7 6. d4 O-O 7. h3 cxd4 8. cxd4 Nc6 {B50: Sizilianisch (Verschiedenes mit 2...d6)} (8... b5 9. O-O Bb7 10. Re1 Nbd7 11. a3 a5 12. Bg5 h6 13. Bf4 e5 14. Bh2 d5 15. dxe5 Nxe4 16. Nbd2 {½-½ (48) Andreikin,D (2736)-Dubov,D (2648) Sochi 2016}) 9. Nc3 e5 10. dxe5 dxe5 11. O-O Be6 {LiveBook: 5 Partien} 12. Ba4 Qa5 13. Bxc6 bxc6 14. Re1 $146 ({Vorgänger:} 14. Qd6 Rfd8 15. Qxc6 Rac8 16. Qb7 Rb8 17. Qc6 Rbc8 {½-½ (17) Diaz Villagran,R (2359)-Farfan Ortiz,E (2138) Santiago de Chile 2010}) 14... Rab8 15. Qa4 Qc7 16. Qc2 (16. b3 $14) 16... c5 $11 17. Be3 c4 18. Rad1 Qb7 19. Re2 Rfd8 20. Rxd8+ Rxd8 21. Rd2 (21. Nxe5 $16 Nxe4 22. Nxf7 (22. Qxe4 Qxe4 23. Nxe4 Bxe5 $11) 22... Bxf7 23. Qxe4 Qxe4 24. Nxe4) 21... Rb8 22. Bc5 Bh6 23. Re2 Rd8 24. Qa4 $36 {[%mdl 2048] Weiss drückt.} Nd7 25. Be7 ({Ein No Go ist} 25. Qxa7 Qc6 $15) 25... Nb6 (25... Rc8 $11) 26. Qb4 $14 a5 27. Qxa5 Qxe7 28. Qxb6 Kg7 (28... f6 $14) 29. Nxe5 $18 {zielt auf Sc6 ab.} Rd6 30. Qb5 $1 Qg5 31. Nf3 $2 {[%mdl 8192] [#]} (31. Re3 $16 {bleibt auf Kurs.}) 31... Rd1+ $1 $19 {[%mdl 512]} 32. Ne1 (32. Nxd1 Qxb5) 32... Qxb5 33. Nxb5 Bd2 34. Kf1 $2 {[#]} (34. Nc3 Rxe1+ 35. Rxe1 Bxe1 36. a4) 34... c3 $1 {Schwarz steht klar auf Gewinn.} 35. Nxc3 Bxc3 36. bxc3 Bc4 {Precision: Weiß = 45%, Schwarz = 46%.} 0-1

[Event "29th Czech Open-Rapid 2018"]
[Site "Pardubice"]
[Date "2018.07.18"]
[Round "2"]
[White "Biolek-Jun., Richard"]
[Black "Joukl, Zdenek"]
[Result "1-0"]
[WhiteElo "2364"]
[BlackElo "2029"]
[Annotator "NA RC"]
[PlyCount "107"]
[EventDate "2018.07.18"]
[EventType "swiss"]
[EventCountry "CZE"]
[SourceTitle "playchess.com"]
[Source "ChessBase"]
[SourceQuality "1"]
[TimeControl "900+10"]

1. e4 {[%emt 0:00:59]} d6 {[%emt 0:00:00]} 2. d4 {[%emt 0:00:01]} Nf6 {[%emt 0:00:00]} 3. Nc3 {[%emt 0:00:02]} Nbd7 {[%emt 0:00:06]} 4. Nf3 {[%emt 0:00:08]} e5 {[%emt 0:00:15]} 5. Bc4 {[%emt 0:00:07]} Be7 {[%emt 0:00:07]} 6. O-O {[%emt 0:00:05]} O-O {[%emt 0:00:05]} 7. Re1 {[%emt 0:00:02]} c6 {[%emt 0:00:20]} 8. a4 {[%emt 0:00:03]} a5 {[%emt 0:00:19]} 9. Bb3 {[%emt 0:00:08]} Qc7 {[%emt 0:00:26]} 10. h3 {[%emt 0:00:05]} b6 {[%emt 0:00:40]} 11. Be3 {[%emt 0:00:02]} Bb7 {[%emt 0:00:37]} 12. Qd2 {[%emt 0:00:12]} Rad8 {[%emt 0:00:07]} 13. Rad1 {[%emt 0:00:02]} exd4 {[%emt 0:01:07]} 14. Bxd4 {[%emt 0:00:01]} Nc5 {[%emt 0:00:14]} 15. Bxc5 {[%emt 0:00:12]} bxc5 {[%emt 0:00:30]} 16. Qf4 {[%emt 0:00:12]} Nd7 {[%emt 0:00:34]} 17. Ne2 {[%emt 0:02:37]} Ne5 {[%emt 0:00:08]} 18. Nxe5 {[%emt 0:00:15]} dxe5 {[%emt 0:00:03]} 19. Qf3 {[%emt 0:00:10]} Bc8 {[%emt 0:00:31]} 20. Ng3 {[%emt 0:00:12]} Bf6 {[%emt 0:01:04]} 21. Nf5 {[%emt 0:00:14]} Bxf5 {[%emt 0:00:31]} 22. Qxf5 {[%emt 0:00:02]} Rxd1 {[%emt 0:00:21]} 23. Rxd1 {[%emt 0:00:00]} Rd8 {[%emt 0:00:01]} 24. Qh5 {[%emt 0:01:14]} g6 {[%emt 0:00:43]} 25. Qe2 {[%emt 0:00:01]} Rxd1+ {[%emt 0:00:33]} 26. Qxd1 {[%emt 0:00:01]} Qd8 {[%emt 0:00:36]} 27. Qe2 {[%emt 0:00:01]} Kg7 {[%emt 0:00:15]} 28. g3 {[%emt 0:00:01]} Bg5 {[%emt 0:00:45]} 29. Qc4 {[%emt 0:00:20]} Qe7 {[%emt 0:00:41]} 30. Qc3 {[%emt 0:00:02]} Bc1 {[%emt 0:01:34]} 31. Qxa5 {[%emt 0:00:03]} Bxb2 {[%emt 0:00:09]} 32. Qd2 {[%emt 0:00:01]} c4 {[%emt 0:01:08]} 33. Bxc4 {[%emt 0:00:01]} Qc5 {[%emt 0:00:04]} 34. Bb3 {[%emt 0:00:21]} Qc3 {[%emt 0:02:20]} 35. Qd1 {[%emt 0:00:42]} h5 {[%emt 0:00:10]} 36. Kg2 {[%emt 0:00:07]} Qb4 {[%emt 0:01:08]} 37. Qf3 {[%emt 0:00:11]} f6 {[%emt 0:00:22]} 38. g4 {[%emt 0:00:26]} hxg4 {[%emt 0:00:05]} 39. hxg4 {[%emt 0:00:10]} Bc1 {[%emt 0:01:44]} 40. Qd3 {[%emt 0:00:01]} Kh6 {[%emt 0:00:13]} 41. Kf3 {[%emt 0:04:20]} Qe1 {[%emt 0:00:14]} 42. Kg2 {[%emt 0:00:39]} Kg5 {[%emt 0:00:23]} 43. Be6 {[%emt 0:01:45]} Bf4 {[%emt 0:00:29]} 44. Bd7 {[%emt 0:00:37]} c5 {[%emt 0:00:13]} 45. c3 {[%emt 0:00:09]} Qa1 {[%emt 0:00:22]} 46. Be8 {[%emt 0:00:22]} Qb2 {[%emt 0:00:04]} 47. a5 {[%emt 0:00:13]} Qb8 {[%emt 0:00:04]} 48. Qb5 {[%emt 0:01:09]} Qa8 {[%emt 0:00:12]} 49. Kf3 {[%emt 0:00:15]} f5 {[%emt 0:00:17]} 50. gxf5 {[%emt 0:00:11]} gxf5 {[%emt 0:00:02]} 51. Qc6 {[%emt 0:00:18]} fxe4+ {[%emt 0:00:18]} 52. Kxe4 {[%emt 0:00:01]} Qxa5 {[%emt 0:00:10]} 53. Qg6+ {[%emt 0:00:02]} Kh4 {[%emt 0:00:08]} 54. Qh5# 1-0

[Event "29th Czech Open-Rapid 2018"]
[Site "Pardubice"]
[Date "2018.07.18"]
[Round "2"]
[White "Skliarov, Viktor"]
[Black "Rakshitta Ravi"]
[Result "1/2-1/2"]
[WhiteElo "2357"]
[BlackElo "2026"]
[Annotator "TA"]
[PlyCount "125"]
[EventDate "2018.07.18"]
[EventType "swiss"]
[EventCountry "CZE"]
[SourceTitle "playchess.com"]
[Source "ChessBase"]
[SourceQuality "1"]

{[%evp 13,125,-6,-6,-4,-4,-8,25,14,99,53,38,40,110,-16,-31,-31,14,20,29,31,22,10,46,45,46,41,62,49,50,44,74,0,0,0,0,0,85,0,25,-129,-56,-96,-45,-65,-65,-66,0,-93,-66,-196,-187,-190,-191,-190,-196,-193,-198,-195,-193,-359,-287,-658,-667,-626,-712,-718,-685,-879,-835,-726,-580,-559,-568,-526,-526,-559,-538,-433,-417,-29945,-12197,-7302,-7302,-29972,-29973,-29972,-29974,-29974,-29974,-29975,-29975,-29975,-29976,-29978,-29979,-29979,-29978,-29978,-29979,-29979,-29980,-29979,-8,-8,0,0,0,0,0,0,0,0,0,0]} 1. e4 e5 2. Nc3 Nf6 3. Bc4 Nc6 4. d3 Na5 5. Nge2 Bc5 6. Ng3 {C28: Vienna Game: 2...Nf6 3 Bc4 Nc6} (6. O-O O-O 7. Ng3 h6 8. h3 d6 9. Bb3 c6 10. Na4 Nxb3 11. axb3 Bb4 12. Bd2 Bxd2 13. Qxd2 d5 {0-1 (40) Naiditsch,A (2702)-Caruana,F (2817) Karlsruhe/Baden-Baden 2017 CBM 178 [Prasanna,V]}) 6... Nxc4 7. dxc4 d6 {LiveBook: 5 Games. Threatening ...Ng4.} 8. h3 Be6 9. Qd3 Qd7 10. Bg5 $146 ({Predecessor:} 10. b3 Ng8 11. Be3 Bxe3 12. Qxe3 Ne7 13. O-O-O O-O 14. Rd2 Nc6 {0-1 (23) Polacik,I (2173)-Vojtek,V (2336) Tatranske Zruby 2014}) 10... O-O-O (10... Ng8 $11) 11. Bxf6 gxf6 12. Nd5 c6 (12... f5 $14) 13. c3 ({Only move:} 13. Nxf6 $16 Qe7 14. Ngh5) 13... cxd5 $11 14. cxd5 Qc7 15. dxe6 fxe6 16. b4 Bb6 17. a4 {[%cal Ba2a4,Ba4a5][%mdl 32] Threatens to win with a5.} Qe7 18. a5 Bc7 19. O-O h5 20. Rfd1 h4 21. Nf1 d5 $1 22. Ne3 (22. a6 $16) 22... dxe4 23. Qxe4 {aiming for a6.} f5 24. Qc4 Kb8 (24... Rxd1+ $1 $11 25. Rxd1 Rd8) 25. Qb5 (25. a6 $16) 25... e4 26. Nc4 $2 (26. a6 $11 b6 27. c4) 26... Rxd1+ 27. Rxd1 {a6 is the strong threat.} Rd8 $40 {[%mdl 128] Black has some attack.} (27... a6 $17 28. Qc5 Qxc5 29. bxc5 Rd8) 28. Rxd8+ Qxd8 {[%cal Rd8d1]} 29. Ne3 f4 (29... a6 $15 30. Qe2 Qd6) 30. Nf1 (30. a6 $1 $11 {keeps the balance.} Bb6 31. Nf1) 30... a6 $17 31. Qe2 (31. Qh5 $1 $15) 31... Qd3 $19 32. Qxd3 exd3 {[%mdl 4096] Endgame KB-KN} 33. Nd2 Be5 34. Ne4 {[#] White wants to play Kf1.} d2 $1 {[%mdl 512]} 35. Nxd2 {Strongly threatening Ne4.} Bxc3 36. Nc4 $2 (36. Nf3) 36... Bxb4 37. g3 $2 (37. Kf1) 37... fxg3 38. fxg3 hxg3 39. Kg2 Kc7 40. h4 {If White can now play h5 this consolidates a bit.} Kc6 41. h5 Kd5 42. Nb6+ Ke4 43. h6 Bxa5 44. Na4 {And now h7 would win.} Bc7 45. Nc5+ Kf5 46. Nxb7 {[#]} (46. h7 $19 Be5 47. Nxb7) 46... Kg6 47. Nc5 Kxh6 48. Nxe6 Be5 49. Nc5 a5 50. Kf3 Kg5 51. Ne4+ Kf5 52. Nc5 Bc7 53. Nb3 a4 54. Nd4+ Kf6 55. Nb5 Bb8 56. Kg2 Ke6 57. Kf3 Kd5 $2 (57... Be5 {mates} 58. Na3 Kd5 59. Nc2 Kc4 60. Ke2 g2 61. Ne3+ Kb3 62. Nxg2 a3 63. Ne1 a2 64. Nf3 a1=Q 65. Kf2 Qb2+ 66. Ke3 Bg3 67. Nd2+ Kc2 68. Ne4 Qe5 69. Kf3 Qf4+ 70. Kg2 Be1 71. Kg1 Qxe4 72. Kh2 Bf2 73. Kh3 Qf3+ 74. Kh2 Qg4 75. Kh1 Qh3#) 58. Nc3+ $11 {The position is equal.} Kc4 59. Nxa4 Bc7 60. Nb2+ Kc3 61. Nd1+ Kd2 62. Ne3 Ke1 63. Nf5 {Precision: White = 32%, Black = 52%.} 1/2-1/2

[Event "29th Czech Open-Rapid 2018"]
[Site "Pardubice"]
[Date "2018.07.18"]
[Round "2"]
[White "Kulkarni, Chinmay"]
[Black "Mozharov, Mikhail"]
[Result "1-0"]
[WhiteElo "2336"]
[BlackElo "2542"]
[Annotator "TA"]
[PlyCount "71"]
[EventDate "2018.07.18"]
[EventType "swiss"]
[EventCountry "CZE"]
[SourceTitle "playchess.com"]
[Source "ChessBase"]
[SourceQuality "1"]

{[%evp 36,71,19,17,20,0,0,-24,-17,-17,-25,-33,0,0,0,-20,0,-62,0,-175,-183,-174,-179,-164,-142,-245,-287,-261,171,168,476,489,483,472,491,461,4810,4694]} 1. e4 c5 2. Nf3 Nc6 3. d4 cxd4 4. Nxd4 Nf6 5. Nc3 e5 6. Ndb5 {[%cal Bd4b5,Bb5a3,Ba3c2,Bc2e3][%mdl 32]} d6 7. Bg5 a6 8. Na3 b5 9. Bxf6 gxf6 10. Nd5 f5 11. exf5 Bxf5 12. c3 Bg7 13. Nc2 O-O 14. Nce3 Be6 15. g3 f5 16. Bg2 Rc8 17. Qh5 {B33: Sicilian: Pelikan and Sveshnikov Variations} (17. O-O Kh8 18. Qh5 Ne7 19. Rad1 Rc5 20. Rd2 Ng6 21. Rfd1 f4 22. Be4 fxe3 23. Bxg6 exf2+ 24. Rxf2 Bg8 25. Rxf8 Qxf8 {1-0 (42) Nguyen,A (2496)-Shabalov,A (2585) Beijing 2008}) 17... b4 18. O-O bxc3 19. bxc3 {LiveBook: 4 Games. The position is equal.} Ne7 20. Rad1 e4 21. c4 $146 ({Predecessor:} 21. Bh3 Nxd5 22. Nxd5 Rc5 23. Ne3 Qe7 {½-½ (40) Cerda,G (2207)-Di Benedetto,G (2308) San Luis 2007}) 21... Nxd5 22. cxd5 Bd7 23. Rc1 Bc3 24. Rc2 Qf6 25. Rfc1 Ba4 26. Re2 ({White should try} 26. Bh3 $1 $11 Bxc2 27. Bxf5) 26... Bb5 (26... Rc5 $15) 27. Bh3 $2 (27. Rec2 $11 {and White is okay.}) 27... Bxe2 $19 28. Qxe2 Qg5 29. Qxa6 f4 $1 {[%cal Rf4e3]} 30. Be6+ (30. Bxc8 $17 fxe3 31. Rf1 (31. Rxc3 $2 exf2+ 32. Kg2 f1=Q+ 33. Qxf1 Qd2+ 34. Kg1 Rxf1+ 35. Kxf1 Qxc3 $19) 31... exf2+ 32. Kg2 Qxd5 33. Bb7) 30... Kh8 31. h4 {[#]} Qg7 $4 {[%mdl 8192]} (31... Qg6 $1 $19 {avoids the disaster.} 32. Ng4 {[#]} (32. Bxc8 $2 {loses.} fxe3 33. Qa3 Bd2 $19) 32... fxg3 $1 {[%mdl 512]} 33. Bxc8 gxf2+ 34. Kf1 Bd2) 32. Nf5 $36 {[%mdl 2048] White is in control.} Qc7 $2 (32... Qe5) 33. Bxc8 {White is clearly winning.} fxg3 {And now ...Qc5 would win.} 34. Be6 {Qc6 is the strong threat.} gxf2+ 35. Kf1 Qc5 (35... Qb8 $142 36. Nxd6 Bf6) 36. Qc6 {Precision: White = 42%, Black = 35%.} 1-0

[Event "29th Czech Open-Rapid 2018"]
[Site "Pardubice"]
[Date "2018.07.18"]
[Round "2"]
[White "Zpevak, Pavel"]
[Black "Gabr, Mohsen"]
[Result "1-0"]
[WhiteElo "2330"]
[BlackElo "2287"]
[Annotator "NA"]
[PlyCount "68"]
[EventDate "2018.07.18"]
[EventType "swiss"]
[EventCountry "CZE"]
[SourceTitle "playchess.com"]
[Source "ChessBase"]
[SourceQuality "1"]
[TimeControl "900+10"]

1. d4 {[%emt 0:00:00]} Nf6 {[%emt 0:00:01]} 2. c4 {[%emt 0:00:00]} g6 {[%emt 0:00:01]} 3. Nc3 {[%emt 0:00:00]} Bg7 {[%emt 0:00:02]} 4. Bg5 {[%emt 0:00:01]} h6 {[%emt 0:00:03]} 5. Bh4 {[%emt 0:00:01]} d6 {[%emt 0:00:27]} 6. e3 {[%emt 0:00:01]} O-O {[%emt 0:00:05]} 7. Nf3 {[%emt 0:00:03]} c5 {[%emt 0:00:07]} 8. Be2 {[%emt 0:00:06]} Bg4 {[%emt 0:01:02]} 9. d5 {[%emt 0:00:22]} Na6 {[%emt 0:00:13]} 10. h3 {[%emt 0:00:43]} Bxf3 {[%emt 0:00:02]} 11. Bxf3 {[%emt 0:00:01]} Rb8 {[%emt 0:00:03]} 12. O-O {[%emt 0:00:44]} Nc7 {[%emt 0:00:01]} 13. Be2 {[%emt 0:00:11]} a6 {[%emt 0:00:01]} 14. a4 {[%emt 0:00:01]} b6 {[%emt 0:00:03]} 15. f4 Qd7 {[%emt 0:00:36]} 16. e4 {[%emt 0:00:55]} Nh7 {[%emt 0:00:44]} 17. Qd2 {[%emt 0:01:11]} Kh8 {[%emt 0:02:29]} 18. Bd3 {[%emt 0:00:41]} Rg8 {[%emt 0:00:26]} 19. e5 {[%emt 0:00:50]} Rbf8 {[%emt 0:02:47]} 20. Rae1 {[%emt 0:00:24]} g5 {[%emt 0:00:33]} 21. Qc2 {[%emt 0:02:10]} f5 {[%emt 0:01:33]} 22. exf6 {[%emt 0:01:02]} Nxf6 {[%emt 0:00:23]} 23. fxg5 {[%emt 0:00:08]} hxg5 {[%emt 0:00:02]} 24. Bxg5 {[%emt 0:00:09]} b5 {[%emt 0:03:41]} 25. Bf5 {[%emt 0:01:10]} Qe8 {[%emt 0:00:34]} 26. Bg6 {[%emt 0:00:08]} Qd7 {[%emt 0:00:03]} 27. Qf2 {[%emt 0:01:24]} Nh7 {[%emt 0:00:55]} 28. Qh4 {[%emt 0:01:20]} Bd4+ {[%emt 0:00:01]} 29. Kh2 {[%emt 0:00:37]} Rxg6 {[%emt 0:00:02]} 30. Rxf8+ {[%emt 0:00:11]} Kg7 {[%emt 0:00:01]} 31. Rxe7+ {[%emt 0:01:39]} Qxe7 {[%emt 0:00:01]} 32. Bxe7 {[%emt 0:00:00]} Nxf8 {[%emt 0:00:20]} 33. Bxd6 Bf6 {[%emt 0:01:31]} 34. Qe4 {[%emt 0:01:21]} b4 {[%emt 0:00:02]} 1-0

[Event "29th Czech Open-Rapid 2018"]
[Site "Pardubice"]
[Date "2018.07.18"]
[Round "2"]
[White "Bogdanov, Egor"]
[Black "Kolasa, Pjotrs"]
[Result "1-0"]
[WhiteElo "2328"]
[BlackElo "2021"]
[Annotator "NA"]
[PlyCount "57"]
[EventDate "2018.07.18"]
[EventType "swiss"]
[EventCountry "CZE"]
[SourceTitle "playchess.com"]
[Source "ChessBase"]
[SourceQuality "1"]
[TimeControl "900+10"]

1. e4 {[%emt 0:00:00]} e5 {[%emt 0:00:00]} 2. d4 {[%emt 0:00:00]} exd4 {[%emt 0:00:00]} 3. Nf3 {[%emt 0:00:00]} Nc6 {[%emt 0:00:13]} 4. c3 {[%emt 0:00:00]} d5 {[%emt 0:00:03]} 5. Bd3 {[%emt 0:00:00]} Bg4 {[%emt 0:02:42]} 6. O-O {[%emt 0:01:08]} Nf6 {[%emt 0:02:11]} 7. e5 {[%emt 0:01:14]} Ne4 {[%emt 0:00:08]} 8. cxd4 {[%emt 0:01:01]} Be7 {[%emt 0:00:39]} 9. Nc3 {[%emt 0:00:20]} O-O {[%emt 0:01:12]} 10. Nxe4 {[%emt 0:00:16]} dxe4 {[%emt 0:00:03]} 11. Bxe4 {[%emt 0:00:01]} Bxf3 {[%emt 0:01:34]} 12. Bxf3 {[%emt 0:00:02]} Nxd4 {[%emt 0:00:07]} 13. Bxb7 {[%emt 0:00:13]} Rb8 {[%emt 0:00:01]} 14. Be4 {[%emt 0:00:03]} c5 {[%emt 0:00:38]} 15. b3 {[%emt 0:00:36]} Qc7 {[%emt 0:00:08]} 16. Bf4 {[%emt 0:00:09]} Rfd8 {[%emt 0:00:46]} 17. Qg4 {[%emt 0:00:36]} Ne6 {[%emt 0:00:14]} 18. Rad1 {[%emt 0:00:10]} Rd4 {[%emt 0:00:45]} 19. Rxd4 {[%emt 0:00:35]} cxd4 {[%emt 0:00:03]} 20. Bd3 {[%emt 0:00:57]} Bf8 {[%emt 0:02:10]} 21. Bc4 {[%emt 0:00:11]} Re8 {[%emt 0:00:05]} 22. Bg3 {[%emt 0:00:05]} Bc5 {[%emt 0:01:33]} 23. Kh1 {[%emt 0:00:09]} Qc8 {[%emt 0:01:20]} 24. f4 {[%emt 0:00:14]} Nf8 {[%emt 0:00:08]} 25. f5 {[%emt 0:00:10]} Re7 {[%emt 0:01:51]} 26. Bh4 {[%emt 0:00:18]} Rxe5 {[%emt 0:00:11]} 27. Bf6 {[%emt 0:00:03]} Ng6 {[%emt 0:00:02]} 28. Bxf7+ {[%emt 0:00:40]} Kf8 {[%emt 0:00:17]} 29. Bxg7+ {[%emt 0:00:03]} 1-0

[Event "29th Czech Open-Rapid 2018"]
[Site "Pardubice"]
[Date "2018.07.18"]
[Round "2"]
[White "Vusatiuk, Vladimir"]
[Black "Yakimenko, Alexander A"]
[Result "1-0"]
[WhiteElo "2321"]
[BlackElo "2035"]
[Annotator "TA"]
[PlyCount "85"]
[EventDate "2018.07.18"]
[EventType "swiss"]
[EventCountry "CZE"]
[SourceTitle "playchess.com"]
[Source "ChessBase"]
[SourceQuality "1"]

{[%evp 13,85,-9,-19,-16,25,15,14,15,22,9,34,21,36,35,50,22,147,142,145,146,145,143,153,150,153,169,180,188,232,233,240,223,344,344,323,337,327,327,497,524,1206,1206,1147,1137,1107,1053,1043,991,1531,1476,1294,1271,1258,1222,1265,1215,1200,1245,1180,1174,1092,1061,1209,1289,2030,2019,29979,29980,29980,29981,12841,12836,29984,29985]} 1. d4 e6 2. e4 {[%cal Be2e4,Be4e5][%mdl 32]} d5 3. Nd2 Nc6 4. Ngf3 Nf6 5. e5 Nd7 6. c4 dxc4 {C04: French Tarrasch: 3...Nc6} (6... Be7 7. Bd3 Nb4 8. Bb1 dxc4 9. Nxc4 Nb6 10. Ncd2 Bd7 11. a3 N4d5 12. O-O Ba4 13. Bc2 Qd7 14. Ne4 Bxc2 15. Qxc2 {½-½ (49) Jobava,B (2706)-Kuzubov,Y (2615) Plovdiv 2012}) 7. Bxc4 Nb6 $1 {LiveBook: 4 Games} 8. Bb5 Bd7 {The position is equal.} (8... Qd5 $5 {[%cal Rd5b5]} 9. Bxc6+ Qxc6 $11) 9. O-O Ne7 $146 ({Predecessor:} 9... Nxe5 10. Nxe5 Bxb5 11. Nxf7 Kxf7 12. Qh5+ Kg8 13. Qxb5 Qxd4 14. Qe2 Qd7 15. Nf3 Bd6 16. Qe4 Nd5 17. Re1 Re8 18. b3 c6 {½-½ (18) Blanco Ronquillo,H (2430)-Pazos Gambarrotti,P (2271) San Cristobal 2010}) 10. Bd3 Bc6 11. b3 Ng6 12. Ne4 Be7 13. g3 h6 14. h4 Bxh4 (14... Qd5 $11 {remains equal.}) 15. gxh4 $16 (15. Nxh4 $6 Nxh4 16. gxh4 Qxh4 $14) 15... Nxh4 16. Be3 Nd5 {aiming for ...Nc3!} 17. Rc1 Nf5 18. Re1 Nb4 19. Bb1 Qe7 20. Bd2 Rd8 21. Nd6+ cxd6 22. Bxb4 Nh4 (22... Nxd4 $142 23. exd6 (23. Nxd4 Qg5+ 24. Kf1 Bg2+ 25. Ke2 dxe5 $14) (23. Qxd4 Bxf3 24. Bd2 dxe5 $11) 23... Nxf3+ 24. Qxf3 Qxd6) 23. Rxc6 $18 ({Resist} 23. exd6 $6 Nxf3+ 24. Qxf3 Qxd6 $18) 23... bxc6 24. Bxd6 Nxf3+ 25. Qxf3 Qg5+ (25... Rxd6 {was worth a try.} 26. exd6 Qxd6) 26. Kf1 {[%cal Bg1f1,Bf1e2,Be2d3,Bd3c3,Bc3c4,Bc4b4][%mdl 32]} f5 27. Qxc6+ Kf7 28. Qc7+ Kg6 29. Be7 Qh5 30. Bxd8 Qh3+ 31. Ke2 Qg4+ 32. Kd3 Qf3+ 33. Re3 {[%cal Be1e3,Be3d3,Bd3h3][%mdl 32]} Qxf2 34. Bc2 Qf1+ 35. Kc3 {Threatening mate with Rg3+.} Qa1+ 36. Kc4 {White threatens Rg3+ and mate.} Qf1+ 37. Kb4 {Intending Rg3+ and mate.} Qf4 38. Rd3 h5 39. Qd7 h4 40. Qxe6+ Kh7 {[#]} 41. Bxh4 $1 Rb8+ (41... Qxh4 42. Qxf5+) 42. Ka5 {White wants to mate with Bg5.} Qxh4 {[#]} 43. Rh3 $1 {[%mdl 512] Precision: White = 73%, Black = 47%.} 1-0

[Event "29th Czech Open-Rapid 2018"]
[Site "Pardubice"]
[Date "2018.07.18"]
[Round "2"]
[White "Sarkar, Justin"]
[Black "Gasanov, Eldar"]
[Result "0-1"]
[WhiteElo "2307"]
[BlackElo "2475"]
[Annotator "ChessBase"]
[PlyCount "48"]
[EventDate "2018.07.18"]
[EventType "swiss"]
[EventCountry "CZE"]
[SourceTitle "playchess.com"]
[Source "ChessBase"]
[SourceQuality "1"]
[TimeControl "900+10"]

1. d4 {[%emt 0:00:00]} f5 {[%emt 0:00:00]} 2. g3 {[%emt 0:00:00]} Nf6 {[%emt 0:00:04]} 3. Bg2 {[%emt 0:00:01]} d6 {[%emt 0:00:09]} 4. c4 {[%emt 0:00:24]} g6 {[%emt 0:00:05]} 5. Nc3 {[%emt 0:00:26]} Bg7 {[%emt 0:00:04]} 6. Nh3 {[%emt 0:00:35]} O-O {[%emt 0:00:20]} 7. d5 {[%emt 0:00:07]} Na6 {[%emt 0:00:47]} 8. Nf4 {[%emt 0:00:10]} Nc5 {[%emt 0:00:02]} 9. h4 {[%emt 0:01:59]} e5 {[%emt 0:00:52]} 10. dxe6 {[%emt 0:00:02]} Nxe6 {[%emt 0:00:05]} 11. Nxe6 {[%emt 0:01:53]} Bxe6 {[%emt 0:00:02]} 12. Bxb7 {[%emt 0:00:08]} Bxc4 {[%emt 0:00:26]} 13. h5 {[%emt 0:01:42]} Rb8 {[%emt 0:01:45]} 14. Bf3 {[%emt 0:00:32]} d5 {[%emt 0:00:22]} 15. hxg6 {[%emt 0:00:21]} hxg6 {[%emt 0:00:08]} 16. Bg5 {[%emt 0:01:21]} Rxb2 {[%emt 0:03:36]} 17. Nxd5 {[%emt 0:03:04]} Bxd5 {[%emt 0:03:48]} 18. Bxf6 {[%emt 0:00:02]} Bxf6 {[%emt 0:00:36]} 19. Qxd5+ {[%emt 0:00:26]} Qxd5 {[%emt 0:00:11]} 20. Bxd5+ {[%emt 0:00:01]} Kg7 {[%emt 0:00:01]} 21. Rc1 {[%emt 0:00:03]} Be5 {[%emt 0:00:34]} 22. Rh4 {[%emt 0:00:26]} Rd8 {[%emt 0:00:15]} 23. Bc4 {[%emt 0:02:39]} Rdd2 {[%emt 0:01:20]} 24. Rd1 {[%emt 0:01:25]} Bc3 {[%emt 0:00:10]} 0-1

[Event "29th Czech Open-Rapid 2018"]
[Site "Pardubice"]
[Date "2018.07.18"]
[Round "2"]
[White "Claridge-Hansen, William"]
[Black "Sinauridze, Simons"]
[Result "1-0"]
[WhiteElo "2291"]
[BlackElo "2088"]
[Annotator "NA"]
[PlyCount "71"]
[EventDate "2018.07.18"]
[EventType "swiss"]
[EventCountry "CZE"]
[SourceTitle "playchess.com"]
[Source "ChessBase"]
[SourceQuality "1"]
[TimeControl "900+10"]

1. c4 {[%emt 0:00:00]} g6 {[%emt 0:00:00]} 2. g3 {[%emt 0:00:00]} Bg7 {[%emt 0:00:00]} 3. Bg2 {[%emt 0:00:00]} d6 {[%emt 0:00:00]} 4. Nc3 {[%emt 0:00:00]} Nf6 {[%emt 0:00:00]} 5. e4 {[%emt 0:00:00]} O-O {[%emt 0:00:02]} 6. Nge2 {[%emt 0:00:00]} Nc6 {[%emt 0:00:10]} 7. O-O {[%emt 0:00:07]} e5 {[%emt 0:00:03]} 8. d3 {[%emt 0:00:05]} Bg4 {[%emt 0:00:02]} 9. f3 {[%emt 0:00:12]} Be6 {[%emt 0:00:13]} 10. Nd5 {[%emt 0:00:30]} Qd7 {[%emt 0:00:27]} 11. Be3 {[%emt 0:01:10]} a5 {[%emt 0:00:26]} 12. d4 {[%emt 0:01:58]} Bxd5 {[%emt 0:00:41]} 13. cxd5 {[%emt 0:00:20]} Nxd4 {[%emt 0:00:17]} 14. Nxd4 {[%emt 0:00:11]} exd4 {[%emt 0:00:03]} 15. Bxd4 {[%emt 0:00:03]} Rfe8 {[%emt 0:00:28]} 16. Qd3 {[%emt 0:00:39]} Re7 {[%emt 0:00:23]} 17. Rac1 {[%emt 0:01:49]} Ne8 {[%emt 0:01:27]} 18. Rfe1 {[%emt 0:01:55]} Qa4 {[%emt 0:00:21]} 19. Bxg7 {[%emt 0:00:28]} Nxg7 {[%emt 0:00:02]} 20. Qc4 {[%emt 0:00:49]} Qxc4 {[%emt 0:01:59]} 21. Rxc4 {[%emt 0:00:01]} Rf8 {[%emt 0:00:02]} 22. f4 {[%emt 0:00:34]} f6 {[%emt 0:00:18]} 23. Rc3 {[%emt 0:01:36]} Kf7 {[%emt 0:01:37]} 24. Kf2 {[%emt 0:00:24]} g5 {[%emt 0:00:16]} 25. Bf3 {[%emt 0:00:34]} h5 {[%emt 0:00:13]} 26. h4 {[%emt 0:00:23]} g4 {[%emt 0:00:30]} 27. Bd1 {[%emt 0:00:02]} Ra8 {[%emt 0:03:21]} 28. Ba4 {[%emt 0:00:25]} Ra6 {[%emt 0:00:13]} 29. Bb5 {[%emt 0:00:07]} Rb6 {[%emt 0:00:10]} 30. a4 {[%emt 0:00:01]} Ne8 {[%emt 0:01:35]} 31. f5 {[%emt 0:01:04]} Kf8 {[%emt 0:02:08]} 32. Ke3 {[%emt 0:00:19]} c6 {[%emt 0:00:36]} 33. dxc6 {[%emt 0:00:05]} bxc6 {[%emt 0:00:01]} 34. Rxc6 {[%emt 0:00:20]} Rxc6 {[%emt 0:00:30]} 35. Bxc6 {[%emt 0:00:01]} Nc7 {[%emt 0:00:01]} 36. Rd1 {[%emt 0:00:15]} 1-0